Регионална библиотека "Любен Каравелов" - Русе

Дипломация на четири очи (Запис номер 7128)

MARC детайли
000 -Лидер
Лидер 01988nam a2200397 a 4500
003 - Код на организацията, давaща контролен номер
Код на организацията, даваща контролен номер BLK
005 - Дата и час на последна редакция
Дата и час на последна редакция 20240102094235.0
008 - Елементи от данни с фиксирана дължина
Елементи с фиксирана дължина 180412b bul|||||r ||||||| ||bul||
010 ## - Наследен системен номер
LC control number KNG00008400000
020 ## - Международен стандартен номер на книга ISBN
ISBN 954-07-0659-9
040 ## - Източник на каталожния запис
Код на библиотеката BLK
041 ## - Код за език
Език Български
Език за КДБФ Български
080 ## - УДК
УДК текст Международни политически отношения. Световна политика. Международна политика. Дипломация
УДК код 327
УДК – определител (497.2:497.1)(091)(093.3)
УДК – код + определител 327(497.2:497.1)(091)(093.3)
080 ## - УДК
УДК текст Народна Република България (1946 - 1990)
УДК код 94(497.2)"1946/1990"
УДК – определител (093.3)
УДК – код + определител 94(497.2)"1946/1990"(093.3)
080 ## - УДК
УДК код 929 Николов, Райко Маринов
УДК – код + определител 929 Николов, Райко Маринов
100 1# - Редна дума - Автор
Автор Николов, Райко Маринов
R(LIN) 252199
245 10 - Сведения за заглавието
Заглавие Дипломация на четири очи
Подзаглавни данни Из дневника на един бълг. посланик в Югославия (1978-1984)
Авторска отговорност Райко Маринов Николов.
257 ## - Страна на издаване
Страна на създаване/издаване България
260 ## - Област на издателските данни
Място на издаване София
Име на издателя Унив. изд. Св. Климент Охридски
Година на издаване 1995
300 ## - Физическа характеристика
Брой страници 338 с.
Размер 20 см
380 ## - Жанр
Жанр Обществени науки
600 14 - Име на лице, използвано като предмет
За него / За нея Николов, Райко Маринов
9 (RLIN) 364038
650 #4 - Допълнително описание по предмет – тема
Предметна рубрика Дипломати, български - спомени
9 (RLIN) 252200
650 #4 - Допълнително описание по предмет – тема
Предметна рубрика Българо-югославски политически отношения - спомени
9 (RLIN) 252201
650 #4 - Допълнително описание по предмет – тема
Предметна рубрика Югославско-български политически отношения - спомени
9 (RLIN) 252202
650 #4 - Допълнително описание по предмет – тема
Предметна рубрика Дипломация - България - спомени
9 (RLIN) 252203
653 ## - Ключова дума – ненормативна
Ключови думи дипломати
653 ## - Ключова дума – ненормативна
Ключови думи България
653 ## - Ключова дума – ненормативна
Ключови думи Югославия
852 ## - Местоположение
Сигнатура (форматна) Цб 183676
Отдел Хранилище
856 4# - Електронен адрес и достъп
Електронен формат pdf - файл
Път до файла (ресурса)
856 4# - Електронен адрес и достъп
Електронен формат pdf - файл
Път до файла (ресурса)
942 ## - АРТИКУЛИ
Вид на библиотечния документ Книги
Скрит в OPAC Не
944 ## - СЪЗДАВАНЕ И РЕДАКЦИЯ на ЗАПИСА
Създаване/Редакция Редакция
Дата на регистрацията/редакция 2023
Служител, извършил регистрацията/редакцията 30550
Номер на служител Кети Илиева
999 ## - СИСТЕМНИ КОНТРОЛНИ НОМЕРА
Koha biblionumber 7128
Koha biblioitemnumber 7128
Наличности
Код за отписване Код за изгубен артикул Източник на класификационната схема Код за повреда Коз за рестрикции Код за отдаване Артикулен № Име на библиотеката - собственик Име на библиотеката, в която се намира в момента Статус (Текущо местоположение) Дата на вписване в системата Местоположение - отдел Цена в лева Инвентарен номер Систематично азбучна сигнатура Баркод Номер на екземпляра Цена в евро Служебна бележка Служебен тип на артикула
  Не е изгубен Universal Decimal Classification Не е повреден без рестрикции ползва се в читалня 12363 Регионална библиотека "Любен Каравелов" Русе Регионална библиотека "Любен Каравелов" Русе Хранилище 2001-01-01 Хранилище 1.71 614758 Цб 183676 120000614758 1 0.87 Дост: Dp Вид: Д N: 31 Дата: 01.01.1995 Дата инв: 17.09.2014 Бележки инв: Цб2014 Книги
Изтеглен Не е изгубен Universal Decimal Classification Не е повреден без рестрикции заемане за дома 12364 Регионална библиотека "Любен Каравелов" Русе Регионална библиотека "Любен Каравелов" Русе Заемна - подръчен фонд 2001-01-01 Заемна - подръчен фонд 1.71 617290 П 327(497.2)(092)/Н 74 617290 2 0.87 Дост: Pk Вид: Ф N: стар фонд Дата: 01.01.1995 Дата инв: 02.02.2018 Бележки инв: П2018 Книги
  Не е изгубен Universal Decimal Classification Не е повреден   заемане за дома 938274 Регионална библиотека "Любен Каравелов" Русе Регионална библиотека "Любен Каравелов" Русе Заемна - подръчен фонд 2024-01-03 Заемна - подръчен фонд 2.00 120000897250 327/Н 74 Р 120000897250   1.02   Книги
Vip Innovations Ltd, Rousse, Bulgaria 2025